000 00631nam a2200229 i 4500
001 C2-0231663
003 PPAK
005 20180728084822.0
008 001128s enk |||| ||||| | eng d
040 _aPPAK
_beng
_cPPAK
_erda
082 0 4 _a823
_223
090 0 0 _a823
_bLIE
_dKSI
100 1 _aLiewellyn, Richard,
_eauthor
245 1 2 _aA few flowers for shiner
264 1 _aLondon :
_bDigit Books ,
_c[date of publication not identified]
300 _a317 pages ;
_c18 cm
336 _2rdacontent
_atext
337 _2rdamedia
_aunmediated
338 _2rdacarrier
_avolume
650 1 0 _aEnglish fiction
942 _ddc
_cB
999 _c151033
_d151033